000 00959nam a2200265Ia 4500
003 OSt
005 20221005110324.0
006 a|||||r|||| 00| 0
007 ta
008 221004b |||||||| |||| 00| 0 hin d
020 _a8179750671
_c200
024 _a83250
037 _b165, 30/03/2005, Ideal Book Publishers & Distributors
_cTextual
040 _aCRL
_cCRL
_bhin
041 _2hin
_ahin
082 _aU8.247, 152P3
100 _aउर्मिलेश
245 0 _aझेलम किनारे दहकते चिनार
246 _aZelam kināre dahakate chināra
260 _aनई दिल्ली
_bअनामिका पब्लिर्शस भारत
_c2003
300 _a127पृ0
_ccm.
650 _aभारतीय-भूगोल
942 _hU8.247, 152P3
_cTEXL
_2cc
999 _c1018453
_d1018453